[Event "Brasiliense-ch"]
[Site "Brazil"]
[Date "1990.10.02"]
[Round "1"]
[White "Macieira, Flavio Helmold"]
[Black "Fonseca, Antonio"]
[Result "1-0"]
[WhiteElo "2087"]
[BlackElo "1916"]
[PlyCount "57"]
[EventDate "1990.10.??"]
[EventType "swiss"]
[EventRounds "9"]
[EventCountry "BRA"]
[SourceTitle "EXT 2003"]
[Source "ChessBase"]
[SourceDate "2002.11.25"]
[SourceVersion "1"]
[SourceVersionDate "2002.11.25"]
[SourceQuality "1"]

1. c4 e6 2. Nc3 Nc6 3. g3 Bc5 4. Nf3 Nf6 5. d4 Bb4 6. Bg2 d5 7. cxd5 Qxd5 8. 0-0 Qd7 9. Bg5 Be7 10. Rc1 0-0 11. Ne5 Qe8 12. Nb5 Qd8 13. Rxc6 bxc6 14. Nxc6 Qd7 15. Nxe7+ Qxe7 16. Bxa8 h6 17. Bxf6 Qxf6 18. Bg2 Qe7 19. Qc2 Qb4 20. Nxa7 Qxd4 21. Nxc8 Rxc8 22. a4 c5 23. a5 Rb8 24. a6 Rxb2 25. Qxb2 Qxb2 26. a7 c4 27. a8Q+ Kh7 28. Qe4+ g6 29. Qxc4 1-0

[Event "Brasiliense-ch"]
[Site "Brazil"]
[Date "1990.10.??"]
[Round "6"]
[White "Fonseca, Antonio"]
[Black "Arruda de Sa, Jayme"]
[Result "0-1"]
[WhiteElo "1916"]
[BlackElo "1829"]
[PlyCount "80"]
[EventDate "1990.10.??"]
[EventType "swiss"]
[EventRounds "9"]
[EventCountry "BRA"]
[SourceTitle "EXT 2003"]
[Source "ChessBase"]
[SourceDate "2002.11.25"]
[SourceVersion "1"]
[SourceVersionDate "2002.11.25"]
[SourceQuality "1"]

1. d4 d5 2. Nc3 Nf6 3. Nf3 Nbd7 4. g3 c6 5. Bg2 e6 6. Bg5 Be7 7. 0-0 0-0 8. e3 Re8 9. a3 Qc7 10. Re1 e5 11. dxe5 Nxe5 12. Nxe5 Qxe5 13. Bf4 Qh5 14. Qxh5 Nxh5 15. e4 Nxf4 16. gxf4 dxe4 17. Bxe4 f5 18. Bd3 Bd7 19. Kg2 Kf8 20. Kg3 g6 21. h4 h5 22. Re2 Bf6 23. Nd1 Rxe2 24. Bxe2 Re8 25. Bd3 Re1 26. c3 Be6 27. Rb1 Ba2 28. Rc1 Bb3 29. f3 Rxd1 30. Rxd1 Bxd1 31. Bc4 b5 32. Be6 a6 33. Bd7 c5 34. Bc6 Be2 35. Kf2 Bc4 36. Kg3 a5 37. Bd7 Ke7 38. Bc8 b4 39. axb4 cxb4 40. cxb4 axb4 0-1

[Event "Brasiliense-ch"]
[Site "Brazil"]
[Date "1990.10.??"]
[Round "4"]
[White "Fonseca, Antonio"]
[Black "Meira, Wagner"]
[Result "0-1"]
[WhiteElo "1916"]
[BlackElo "2086"]
[PlyCount "92"]
[EventDate "1990.10.??"]
[EventType "swiss"]
[EventRounds "9"]
[EventCountry "BRA"]
[SourceTitle "EXT 2003"]
[Source "ChessBase"]
[SourceDate "2002.11.25"]
[SourceVersion "1"]
[SourceVersionDate "2002.11.25"]
[SourceQuality "1"]

1. e4 c5 2. Nf3 Nc6 3. Bc4 e6 4. Nc3 a6 5. a3 Qc7 6. d3 Nf6 7. Bg5 Be7 8. 0-0 0-0 9. Ba2 h6 10. Bh4 b5 11. Qd2 Bb7 12. Rae1 Rac8 13. Qe3 Ng4 14. Bg3 Nxe3 15. Bxc7 Nxf1 16. Bf4 Nd4 17. Kxf1 b4 18. axb4 Nxf3 19. gxf3 cxb4 20. Ne2 Rxc2 21. Bc1 Bf6 22. d4 d6 23. Bb3 Rc7 24. Be3 Rfc8 25. Kg2 Bg5 26. Bxg5 hxg5 27. Rg1 d5 28. e5 f6 29. Kh3 a5 30. Ng3 Kf7 31. Nh5 Rh8 32. Kg4 Kg6 33. Nxf6 gxf6 34. exf6 Rh4+ 35. Kg3 Rch7 36. Bc2+ Kxf6 37. Bxh7 Rxh7 38. Ra1 Ba6 39. Rxa5 Bf1 40. Ra1 Rh3+ 41. Kg4 Rh4+ 42. Kg3 Bd3 43. Rd1 Rxd4 44. Rd2 e5 45. h3 Kf5 46. b3 Bf1 0-1

[Event "Brasiliense-ch"]
[Site "Brazil"]
[Date "1990.10.??"]
[Round "5"]
[White "Fonseca, Antonio"]
[Black "Souza, Antonio Jose"]
[Result "0-1"]
[WhiteElo "1916"]
[BlackElo "1918"]
[PlyCount "130"]
[EventDate "1990.10.??"]
[EventType "swiss"]
[EventRounds "9"]
[EventCountry "BRA"]
[SourceTitle "EXT 2003"]
[Source "ChessBase"]
[SourceDate "2002.11.25"]
[SourceVersion "1"]
[SourceVersionDate "2002.11.25"]
[SourceQuality "1"]

1. e4 c5 2. Nf3 Nc6 3. Bc4 e6 4. Nc3 a6 5. a3 b5 6. Ba2 Nf6 7. d3 Qc7 8. Bg5 Be7 9. 0-0 Bb7 10. Re1 0-0 11. Qd2 Rac8 12. Rad1 Rfe8 13. Bf4 d6 14. Bg5 Nd4 15. Nxd4 cxd4 16. Ne2 Qxc2 17. Nxd4 Qxd2 18. Bxd2 Nd7 19. Bc3 Bf6 20. Bb3 Nc5 21. Ba2 Na4 22. Rc1 Nxc3 23. bxc3 Rc7 24. Ne2 Rec8 25. c4 Bc6 26. Rc2 bxc4 27. Bxc4 Bb5 28. Rec1 d5 29. exd5 exd5 30. Bb3 Rxc2 31. Rxc2 Rxc2 32. Bxc2 d4 33. a4 Bc6 34. f4 h5 35. Kf2 Kf8 36. h3 h4 37. Nc1 Ke7 38. Na2 Ke6 39. Nb4 Bb7 40. Bb3+ Kd6 41. Bxf7 Kc5 42. Nc2 Bc6 43. Bb3 Bd8 44. g3 hxg3+ 45. Kxg3 Bd7 46. h4 Bf6 47. h5 Kb6 48. Kf3 Bc6+ 49. Kg4 Bd7+ 50. f5 Ka5 51. Ne1 Bxa4 52. Bf7 Bd1+ 53. Kf4 Kb4 54. Nf3 a5 55. Ne5 a4 56. Nd7 Bb3 57. Be6 Bd8 58. f6 Bxe6 59. fxg7 a3 60. Ke5 Bg8 61. Nf6 Bxf6+ 62. Kxf6 a2 63. h6 a1Q 64. Kg6 Qa6+ 65. Kg5 Bh7 0-1